00488nam a2200169Ia 450000500170000000800410001704000190005804100120007708200130008910000180010224500620012026000340018230000220021650400510023865000190028985000100030820230710112311.0131103s9999 xx 000 0 und d aLoreto College aEnglish a953bPAR aPartner,Peter 2aA Short Political Guide to the Arab WorldcPeter Partner aLondonbPall Mall Pressc1960 a142 p.b ill.maps aIncludes bibliographical refereences and index aArab - History aLCLIB